00413nam a2200133Ia 4500008004100000020001800041100002500059245006800084260004000152300002300192500004000215650001300255650001100268191129s9999 xx 000 0 und d a9786214060986 aSiquete, Cherille V. cCherille V. SiqueteaBusiness ethics and social responsibility/ aManila:bMindshapers Co. Inc.c2016 ax,164 p. ;c21 cm. aIncludes bibliographical references aBusiness aEthics